书目信息 |
| 题名: |
硕士研究生入学考试英语历届试题分析大全(2001年考研必备)
|
|
| 作者: | 张沛 主编 | |
| 分册: | ||
| 出版信息: | 北京 北京航空航天大学出版社 2000.06 |
|
| 页数: | 444页 | |
| 开本: | 16开 | |
| 丛书名: | ||
| 单 册: | ||
| 中图分类: | H319.6 | |
| 科图分类: | ||
| 主题词: | 英语 | |
| 电子资源: | ||
| ISBN: | 7-81012-986-4 | |
| 000 | 00662nam0 2200193 45 | |
| 001 | 0104171057 | |
| 005 | 20010417101833.2 | |
| 010 | @a7-81012-986-4@d38.00元 | |
| 100 | @a20010417d2000 km y0chiy0120 ea | |
| 101 | 0 | @achi |
| 105 | @a z 000yy | |
| 200 | 1 | @a硕士研究生入学考试英语历届试题分析大全(2001年考研必备)@AShuo Shi Yan Jiu Sheng Ru Xue Kao Shi Ying Yu Li JieShi Ti Fen Xi Da Quan(2001 Nian Kao Yan Bi Bei)@f张沛主编@FZhang Pei Zhu Bian |
| 210 | @a北京@c北京航空航天大学出版社@d2000.06 | |
| 215 | @a444页@d16开 | |
| 606 | 0 | @a英语 |
| 690 | @aH319.6@v3 | |
| 701 | 0 | @a张沛@4主编 |
| 801 | @aCN@bPftUser@c20010417 | |
| 905 | @b338987-988@dH319.6@eZH:119@f2 | |
| 硕士研究生入学考试英语历届试题分析大全(2001年考研必备)/张沛主编.-北京:北京航空航天大学出版社,2000.06 |
| 444页;16开 |
| ISBN 7-81012-986-4:38.00元 |
| ● |
| 相关链接 |
|
|
|
正题名:硕士研究生入学考试英语历届试题分析大全(2
索取号:H319.6/ZH:119
 
预约/预借
| 序号 | 登录号 | 条形码 | 馆藏地/架位号 | 状态 | 备注 |
| 1 | 338987 | 203389877 | 语言库209/ [索取号:H319.6/ZH:119] | 在馆 | |
| 2 | 338988 | 203389886 | 语言库209/209语言库 58排4列2层/ [索取号:H319.6/ZH:119] | 在馆 |